Option Trading Bear Market Strtegies (Record no. 183291)

MARC details
000 -LEADER
fixed length control field 00506nam a2200205Ia 4500
008 - FIXED-LENGTH DATA ELEMENTS--GENERAL INFORMATION
fixed length control field 240823s9999||||xx |||||||||||||| ||und||
020 ## - INTERNATIONAL STANDARD BOOK NUMBER
International Standard Book Number 978-0-07-015-272-4
082 ## - DEWEY DECIMAL CLASSIFICATION NUMBER
-- 380.1 Q0
100 ## - MAIN ENTRY--PERSONAL NAME
Personal name Sasidharan K
245 #0 - TITLE STATEMENT
Title Option Trading Bear Market Strtegies
250 ## - EDITION STATEMENT
Edition statement 1st
260 ## - PUBLICATION, DISTRIBUTION, ETC. (IMPRINT)
Date of publication, distribution, etc 2010
Name of publisher, distributor, etc The McGraw- Hill Comp
500 ## - GENERAL NOTE
General note YES
650 ## - SUBJECT ADDED ENTRY--TOPICAL TERM
Topical term or geographic name as entry element Marketing
700 ## - ADDED ENTRY--PERSONAL NAME
Personal name Alex K Mathews
942 ## - ADDED ENTRY ELEMENTS (KOHA)
Item type Books
Holdings
Withdrawn status Lost status Damaged status Permanent location Current location Date acquired Source of acquisition Cost, normal purchase price Full call number Barcode Date last seen Koha item type
      CENTRAL LIBRARY, NOORUL ISLAM CENTRE FOR HIGHER EDUCATION CENTRAL LIBRARY, NOORUL ISLAM CENTRE FOR HIGHER EDUCATION 03/02/2010 Global Book Syndicate 450.00 380.1 Q0 36228 08/23/2024 Books
Visitors:
Copyright © 2024 Central Library NICHE.  All rights reserved.